<?xml version="1.0" encoding="UTF-8"?>
<record
    xmlns:xsi="http://www.w3.org/2001/XMLSchema-instance"
    xsi:schemaLocation="http://www.loc.gov/MARC21/slim http://www.loc.gov/standards/marcxml/schema/MARC21slim.xsd"
    xmlns="http://www.loc.gov/MARC21/slim">

  <leader>01100nam a2200229 a 4500</leader>
  <controlfield tag="001">000035601</controlfield>
  <controlfield tag="005">20200930074450.0</controlfield>
  <controlfield tag="008">111105s2008    ck a          000 j spa d</controlfield>
  <datafield tag="020" ind1=" " ind2=" ">
    <subfield code="a">9789583006418</subfield>
  </datafield>
  <datafield tag="040" ind1=" " ind2=" ">
    <subfield code="a">DO-SdBNP</subfield>
    <subfield code="b">spa</subfield>
    <subfield code="c">BNPHU</subfield>
  </datafield>
  <datafield tag="082" ind1=" " ind2=" ">
    <subfield code="a">xxx</subfield>
    <subfield code="b">Q8c, 2008</subfield>
  </datafield>
  <datafield tag="100" ind1="1" ind2=" ">
    <subfield code="a">Quiroga, Horacio,</subfield>
    <subfield code="d">1878-1937.</subfield>
    <subfield code="9">5062</subfield>
  </datafield>
  <datafield tag="245" ind1="1" ind2="0">
    <subfield code="a">Cuentos de amor de locura y de muerte /</subfield>
    <subfield code="c">Horacio Quiroga; ilustraciones Eric Nieto.</subfield>
  </datafield>
  <datafield tag="260" ind1=" " ind2=" ">
    <subfield code="a">Santa Fe de Bogot&#xE1; :</subfield>
    <subfield code="b">Panamericana Editorial,</subfield>
    <subfield code="c">2008.</subfield>
  </datafield>
  <datafield tag="300" ind1=" " ind2=" ">
    <subfield code="a">221 p. :</subfield>
    <subfield code="b">il. ;</subfield>
    <subfield code="c">21.</subfield>
  </datafield>
  <datafield tag="490" ind1="1" ind2=" ">
    <subfield code="a">Letras latinoamericanas</subfield>
  </datafield>
  <datafield tag="500" ind1=" " ind2=" ">
    <subfield code="a">Novena reimpresi&#xF3;n</subfield>
  </datafield>
  <datafield tag="500" ind1=" " ind2=" ">
    <subfield code="a">Incluye datos del autor en la solapa</subfield>
  </datafield>
  <datafield tag="505" ind1="0" ind2=" ">
    <subfield code="t">Una estaci&#xF3;n de amor --</subfield>
    <subfield code="t">La muerte de Isolda --</subfield>
    <subfield code="t">El solitario --</subfield>
    <subfield code="t">Los buques suicidantes --</subfield>
    <subfield code="t">A la deriva --</subfield>
    <subfield code="t">La insolaci&#xF3;n --</subfield>
    <subfield code="t">El alambre de p&#xFA;a --</subfield>
    <subfield code="t">Los mens&#xFA; --</subfield>
    <subfield code="t">La gallina degollada --</subfield>
    <subfield code="t">El almohad&#xF3;n de pluma --</subfield>
    <subfield code="t">Yagua&#xED; --</subfield>
    <subfield code="t">Los pescadores de vigas --</subfield>
    <subfield code="t">La miel silvestre --</subfield>
    <subfield code="t">Nuestro primer cigarro --</subfield>
    <subfield code="t">La meningitis y su sombra --</subfield>
    <subfield code="t">Biograf&#xED;a .</subfield>
  </datafield>
  <datafield tag="700" ind1="1" ind2=" ">
    <subfield code="a">Nieto, Eric,</subfield>
    <subfield code="e">il.</subfield>
    <subfield code="9">61507</subfield>
  </datafield>
  <datafield tag="830" ind1=" " ind2="0">
    <subfield code="a">Letras latinoamericanas</subfield>
    <subfield code="9">22732</subfield>
  </datafield>
  <datafield tag="952" ind1=" " ind2=" ">
    <subfield code="0">0</subfield>
    <subfield code="1">0</subfield>
    <subfield code="5">0</subfield>
    <subfield code="7">1</subfield>
    <subfield code="8">MO</subfield>
    <subfield code="a">GR</subfield>
    <subfield code="b">GR</subfield>
    <subfield code="c">CT</subfield>
    <subfield code="d">2011-11-05</subfield>
    <subfield code="i">LF1</subfield>
    <subfield code="l">0</subfield>
    <subfield code="o">xxx Q8c, 2008</subfield>
    <subfield code="p">35601-10</subfield>
    <subfield code="r">2020-06-25</subfield>
    <subfield code="w">2020-06-25</subfield>
    <subfield code="y">1</subfield>
    <subfield code="Z">No se presta</subfield>
  </datafield>
  <datafield tag="952" ind1=" " ind2=" ">
    <subfield code="0">0</subfield>
    <subfield code="1">0</subfield>
    <subfield code="5">0</subfield>
    <subfield code="7">-1</subfield>
    <subfield code="8">MO</subfield>
    <subfield code="a">GR</subfield>
    <subfield code="b">GR</subfield>
    <subfield code="c">OI</subfield>
    <subfield code="d">2011-11-05</subfield>
    <subfield code="i">LF1</subfield>
    <subfield code="l">0</subfield>
    <subfield code="o">xxx Q8c, 2008</subfield>
    <subfield code="p">35602-10</subfield>
    <subfield code="r">2020-06-25</subfield>
    <subfield code="w">2020-06-25</subfield>
    <subfield code="y">1</subfield>
    <subfield code="Z">No se presta</subfield>
  </datafield>
  <datafield tag="999" ind1=" " ind2=" ">
    <subfield code="c">35092</subfield>
    <subfield code="d">35092</subfield>
  </datafield>
</record>
